[Event "Barbera op"]
[Site "Barbera del Valles"]
[Date "2013.07.12"]
[Round "9"]
[White "Thakur, A."]
[Black "Martynov, P."]
[Result "1-0"]
[WhiteElo "2234"]
[BlackElo "2321"]
[PlyCount "51"]
[EventDate "2013.??.??"]
[EventType "swiss"]
[EventRounds "9"]

1. e4 c5 2. Nf3 d6 3. Bb5+ Nd7 4. d4 cxd4 5. Qxd4 a6 6. Bxd7+ Bxd7 7. Bg5 h6 8.
Bh4 Qa5+ 9. Nc3 e5 10. Qd3 g5 11. Bg3 Nf6 12. h4 g4 13. Nd2 Rc8 14. h5 Be6 15.
Nb3 Qb4 16. O-O-O Rxc3 17. bxc3 Qxe4 18. Qd2 Nd5 19. Rhe1 Qa4 20. Bxe5 dxe5 21.
Rxe5 Qxa2 22. Qxd5 Ba3+ 23. Kd2 Ke7 24. Rde1 Rd8 25. Rxe6+ fxe6 26. Rxe6+ 1-0

[Event "Barbera op"]
[Site "Barbera del Valles"]
[Date "2013.07.12"]
[Round "9"]
[White "Valdes Romero, L."]
[Black "Cabrera, A."]
[Result "1-0"]
[WhiteElo "2444"]
[BlackElo "2525"]
[PlyCount "61"]
[EventDate "2013.??.??"]
[EventType "swiss"]
[EventRounds "9"]

1. Nf3 Nf6 2. c4 g6 3. g3 Bg7 4. Bg2 O-O 5. O-O d5 6. cxd5 Nxd5 7. Nc3 Nb6 8.
d3 Nc6 9. Be3 Bg4 10. Qb3 Rb8 11. Rfc1 e5 12. a4 a5 13. Ne4 Be6 14. Qd1 Nd5 15.
Bc5 Re8 16. Nfg5 Bc8 17. Qb3 Nd4 18. Bxd4 exd4 19. Nd6 cxd6 20. Bxd5 Qxg5 21.
Bxf7+ Kf8 22. Bxe8 Kxe8 23. Rxc8+ Rxc8 24. Qe6+ Kd8 25. Qxd6+ Ke8 26. Qe6+ Kd8
27. Qg8+ Kc7 28. Qxg7+ Kb8 29. Qxd4 Rc2 30. e3 Qf5 31. Rf1 1-0

[Event "Barbera op"]
[Site "Barbera del Valles"]
[Date "2013.07.12"]
[Round "9"]
[White "Van Riemsdijk, HC."]
[Black "Sanchez Dengra, JM."]
[Result "1-0"]
[WhiteElo "2367"]
[BlackElo "2134"]
[PlyCount "85"]
[EventDate "2013.??.??"]
[EventType "swiss"]
[EventRounds "9"]

1. e4 c5 2. Nf3 Nc6 3. Nc3 e6 4. d4 cxd4 5. Nxd4 d6 6. Be3 Nf6 7. Bc4 Be7 8.
Bb3 O-O 9. f4 Nxd4 10. Bxd4 e5 11. fxe5 dxe5 12. Bxe5 Qa5 13. Bxf6 Bxf6 14. O-O
Bxc3 15. bxc3 Be6 16. Rf3 Bg4 17. Rxf7 Rxf7 18. Qxg4 Qxc3 19. Rd1 Qc5+ 20. Kh1
Raf8 21. Qf3 Qb6 22. Rf1 Qc7 23. g3 b5 24. c3 a5 25. Kg2 Qd7 26. a3 a4 27.
Bxf7+ Rxf7 28. Qxf7+ Qxf7 29. Rxf7 Kxf7 30. Kf3 Ke6 31. Kf4 g5+ 32. Ke3 Ke5 33.
g4 Ke6 34. Kd4 Kd6 35. e5+ Ke6 36. Ke4 h6 37. Kd4 Ke7 38. Kd5 Kd7 39. e6+ Ke7
40. Ke5 Ke8 41. Kd6 Kd8 42. e7+ Ke8 43. Ke6 1-0

[Event "Ciutat de Sabadell op"]
[Site "Sabadell"]
[Date "2013.09.08"]
[Round "7"]
[White "Valencia Jimenez, J."]
[Black "Jerez Perez, A."]
[Result "0-1"]
[WhiteElo "2126"]
[BlackElo "2376"]
[PlyCount "86"]
[EventDate "2013.??.??"]
[EventType "swiss"]
[EventRounds "9"]

1. Nf3 Nf6 2. c4 g6 3. g3 Bg7 4. Bg2 d5 5. cxd5 Nxd5 6. Nc3 Nb6 7. O-O Nc6 8.
d3 O-O 9. Be3 e5 10. Qd2 Re8 11. Rac1 Nd4 12. Rfe1 c6 13. b3 a5 14. Kh1 a4 15.
bxa4 Nxa4 16. Nxa4 Rxa4 17. Nxd4 exd4 18. Bf4 Be6 19. Rc2 Qd7 20. Rb1 Rea8 21.
Rbb2 f6 22. h4 Qf7 23. a3 Rxa3 24. Qb4 g5 25. Bd6 Ra1+ 26. Kh2 gxh4 27. gxh4
Qh5 28. Bg3 f5 29. Qd6 Qf7 30. Be5 Bf8 31. Qxd4 R1a4 32. Rc4 Bxc4 33. dxc4 Rxc4
34. Qd3 Rxh4+ 35. Bh3 Rh6 36. Rb1 Bg7 37. Bf4 Rf6 38. Bg5 Rg6 39. f4 Rf8 40.
Rb4 Bf6 41. Bxf6 Rxf6 42. Rd4 Re8 43. Rd7 Qe6 0-1

[Event "Ciutat de Sabadell op"]
[Site "Sabadell"]
[Date "2013.09.09"]
[Round "8"]
[White "Castells Briones, M."]
[Black "Ridameya Tatche, J."]
[Result "0-1"]
[WhiteElo "1988"]
[BlackElo "2007"]
[PlyCount "72"]
[EventDate "2013.??.??"]
[EventType "swiss"]
[EventRounds "9"]

1. d4 Nf6 2. g3 c5 3. d5 d6 4. c4 b5 5. cxb5 a6 6. bxa6 g6 7. Bg2 Bg7 8. Nc3
Nxa6 9. Nf3 Nc7 10. O-O O-O 11. h3 Rb8 12. e4 Nd7 13. Kh2 h6 14. Re1 g5 15. Bf1
f6 16. Nd2 f5 17. exf5 Rxf5 18. Nde4 Qf8 19. Bg2 Kh8 20. f4 gxf4 21. gxf4 Rxf4
22. Bxf4 Qxf4+ 23. Ng3 Be5 24. Nce2 Qh4 25. Rb1 Nf6 26. Rf1 Bg4 27. Nf4 Qxg3+
28. Kxg3 Bxd1 29. Rbxd1 Nh5+ 30. Kg4 Nxf4 31. Rxf4 Rg8+ 32. Kf3 Bxf4 33. Bf1
Be5 34. Ke4 Rf8 35. b3 Rf4+ 36. Ke3 Nxd5+ 0-1

[Event "Ciutat de Sabadell op"]
[Site "Sabadell"]
[Date "2013.09.09"]
[Round "8"]
[White "Diaz Velandia, JM."]
[Black "Ortin Caballe, JJ."]
[Result "1-0"]
[WhiteElo "2317"]
[BlackElo "1955"]
[PlyCount "94"]
[EventDate "2013.??.??"]
[EventType "swiss"]
[EventRounds "9"]

1. d4 Nf6 2. Nf3 e6 3. Bf4 b6 4. e3 Bb7 5. Bd3 c5 6. O-O Be7 7. h3 cxd4 8. exd4
O-O 9. Nbd2 d6 10. Re1 Nbd7 11. c3 Re8 12. Bh2 a6 13. Qc2 Rc8 14. Ne4 Nf8 15.
a4 Ng6 16. Neg5 Nd5 17. Qd2 Nf8 18. h4 h6 19. Ne4 f5 20. Ng3 Nf6 21. Qe2 Ra8
22. h5 Ng4 23. Bc4 Bf6 24. Bb3 Bh4 25. Qd3 Nxh2 26. Nxh2 Kh8 27. d5 f4 28. Ne4
e5 29. Nf3 Be7 30. c4 a5 31. Nc3 Bc8 32. Nh2 Bg5 33. Bc2 Ra7 34. Nb5 Rf7 35.
Qa3 Rf6 36. b4 axb4 37. Qxb4 f3 38. gxf3 Qd7 39. Bd3 Qf7 40. Nxd6 Qe7 41. c5
Rxd6 42. cxd6 Qf7 43. Bb5 Qxh5 44. Bxe8 Qxe8 45. f4 Bf6 46. Qe4 Qh5 47. fxe5
Qg5+ 1-0

[Event "Ciutat de Sabadell op"]
[Site "Sabadell"]
[Date "2013.09.09"]
[Round "8"]
[White "Espinoza Palomino, W."]
[Black "Aryan, Ch"]
[Result "1/2-1/2"]
[WhiteElo "2355"]
[BlackElo "2189"]
[PlyCount "47"]
[EventDate "2013.??.??"]
[EventType "swiss"]
[EventRounds "9"]

1. e4 c5 2. Nf3 d6 3. d4 cxd4 4. Nxd4 Nf6 5. Nc3 a6 6. h3 e6 7. g4 d5 8. exd5
Nxd5 9. Nde2 Bb4 10. Bg2 O-O 11. O-O Nxc3 12. Nxc3 Qc7 13. Qd4 Bd6 14. Be3 Bd7
15. Rad1 Bh2+ 16. Kh1 Be5 17. Qb6 Bc6 18. Qxc7 Bxc7 19. f4 Bxg2+ 20. Kxg2 Nc6
21. Na4 b5 22. Nb6 Bxb6 23. Bxb6 Rab8 24. Bf2 1/2-1/2

[Event "Ciutat de Sabadell op"]
[Site "Sabadell"]
[Date "2013.09.09"]
[Round "8"]
[White "Grau Pacheco, M."]
[Black "Tardio Fran, E."]
[Result "1-0"]
[WhiteElo "2006"]
[BlackElo "1853"]
[PlyCount "63"]
[EventDate "2013.??.??"]
[EventType "swiss"]
[EventRounds "9"]

1. e4 c5 2. d4 cxd4 3. c3 d3 4. Bxd3 d6 5. c4 Nc6 6. Nc3 g6 7. Nge2 Bg7 8. O-O
Nf6 9. Bg5 O-O 10. Qd2 Re8 11. Rad1 Ne5 12. Kh1 Bd7 13. f4 Nxd3 14. Qxd3 Bc6
15. Nd5 Nd7 16. Nec3 Nc5 17. Qf3 Nd7 18. b4 Bxd5 19. Nxd5 Rc8 20. Qe2 f6 21.
Bh4 e6 22. Nc3 g5 23. Bg3 gxf4 24. Bxf4 Ne5 25. Bxe5 fxe5 26. Nb5 Bf8 27. Qh5
d5 28. exd5 exd5 29. Rxd5 Qb6 30. Nd6 Qc6 31. Rf7 Bh6 32. Qxh6 1-0

[Event "Ciutat de Sabadell op"]
[Site "Sabadell"]
[Date "2013.09.09"]
[Round "8"]
[White "Jerez Perez, A."]
[Black "Gascon, JR."]
[Result "1/2-1/2"]
[WhiteElo "2376"]
[BlackElo "2268"]
[PlyCount "68"]
[EventDate "2013.??.??"]
[EventType "swiss"]
[EventRounds "9"]

1. e4 c5 2. c3 d5 3. exd5 Qxd5 4. d4 g6 5. Nf3 Bg7 6. Na3 cxd4 7. Nb5 Na6 8.
cxd4 Nf6 9. Nc3 Qd6 10. Bc4 O-O 11. O-O Nc7 12. Qb3 Be6 13. Bxe6 Nxe6 14. Rd1
Rfd8 15. Be3 Nd5 16. Qxb7 Nxe3 17. fxe3 Rab8 18. Qxa7 Bh6 19. Re1 Rxb2 20. Qa5
Qc6 21. d5 Qc5 22. Qxc5 Nxc5 23. Kf1 Rc2 24. Rac1 Rxc1 25. Rxc1 Bxe3 26. Re1
Bh6 27. Rxe7 Bg7 28. Rc7 Na6 29. Rc4 Bxc3 30. Rxc3 Rxd5 31. Ke2 Kf8 32. Nd2 Ke7
33. Nb3 Rh5 34. h3 Rg5 1/2-1/2

[Event "Ciutat de Sabadell op"]
[Site "Sabadell"]
[Date "2013.09.09"]
[Round "8"]
[White "Lorenzo de la Riva, L."]
[Black "Rojas Keim, LA."]
[Result "1/2-1/2"]
[WhiteElo "2427"]
[BlackElo "2408"]
[PlyCount "83"]
[EventDate "2013.??.??"]
[EventType "swiss"]
[EventRounds "9"]

1. e4 g6 2. d4 Bg7 3. Nf3 d6 4. Nc3 Nf6 5. Be3 c6 6. Qd2 b5 7. Bd3 Nbd7 8. h3
e5 9. dxe5 dxe5 10. O-O Qe7 11. Ne2 O-O 12. a4 b4 13. c3 a5 14. cxb4 axb4 15.
Rfc1 c5 16. Qc2 Bb7 17. Ng3 Rfc8 18. Nd2 Ne8 19. Nc4 Nc7 20. b3 Ne6 21. Ra2 Nd4
22. Qb1 Rd8 23. f3 Nf8 24. Nb6 Rab8 25. a5 Nfe6 26. Ne2 Qh4 27. Nxd4 exd4 28.
Bf2 Qg5 29. h4 Qf4 30. a6 Bh6 31. Re1 Qc7 32. Nd5 Bxd5 33. exd5 Nf4 34. Bc4
Nxd5 35. Bxd5 Rxd5 36. Qd3 Rdd8 37. Rae2 Bf8 38. h5 Ra8 39. hxg6 hxg6 40. Bh4
Rdc8 41. Qc4 d3 42. Kf1 1/2-1/2

[Event "Ciutat de Sabadell op"]
[Site "Sabadell"]
[Date "2013.09.09"]
[Round "8"]
[White "Moreno Ruiz, J."]
[Black "Valdes Romero, L."]
[Result "1-0"]
[WhiteElo "2469"]
[BlackElo "2427"]
[PlyCount "63"]
[EventDate "2013.??.??"]
[EventType "swiss"]
[EventRounds "9"]

1. d4 d6 2. c4 Nf6 3. Nc3 Nbd7 4. e4 e5 5. Nge2 Be7 6. g3 c6 7. Bg2 a6 8. a4 a5
9. O-O O-O 10. h3 Re8 11. Be3 exd4 12. Nxd4 Bf8 13. Qc2 Nc5 14. Rad1 Qb6 15.
Rfe1 h6 16. f4 Qc7 17. Bf2 Na6 18. Rd2 Nd7 19. g4 Ndc5 20. Bg3 Qb6 21. Kh2 Be7
22. Bf2 Qc7 23. Qd1 Bd7 24. Nf3 Rad8 25. Bg3 Qb6 26. g5 hxg5 27. Nxg5 Ne6 28.
h4 Nac5 29. Qh5 Nxg5 30. hxg5 Ne6 31. Rh1 Qe3 32. Rf2 1-0

[Event "Ciutat de Sabadell op"]
[Site "Sabadell"]
[Date "2013.09.09"]
[Round "8"]
[White "Movsziszian, K."]
[Black "Gomez Jurado, LA."]
[Result "1-0"]
[WhiteElo "2503"]
[BlackElo "2316"]
[PlyCount "78"]
[EventDate "2013.??.??"]
[EventType "swiss"]
[EventRounds "9"]

1. g3 d5 2. Bg2 Nc6 3. d3 e5 4. a3 a5 5. b3 Nf6 6. Bb2 Bd6 7. Nd2 Be6 8. e3 Qd7
9. c4 O-O 10. cxd5 Bxd5 11. Ngf3 h6 12. O-O Rfe8 13. e4 Be6 14. Qc2 Bh3 15. Nc4
Bxg2 16. Kxg2 Rad8 17. Rfe1 Nh7 18. Rad1 b5 19. Nxd6 cxd6 20. d4 exd4 21. Bxd4
Qb7 22. Bb2 Nf8 23. Nh4 Ne7 24. Qc3 Ne6 25. Qf3 Ng5 26. Qg4 f5 27. Nxf5 Nxf5
28. Qxf5 Rxe4 29. Rxe4 Qxe4+ 30. Qxe4 Nxe4 31. Rd5 Rf8 32. Bd4 Rb8 33. b4 axb4
34. axb4 Rb7 35. f3 Nd2 36. Bxg7 Kxg7 37. Rxd2 Rb6 38. g4 Kf6 39. Rd5 Ke6 1-0

[Event "Ciutat de Sabadell op"]
[Site "Sabadell"]
[Date "2013.09.09"]
[Round "8"]
[White "Muñoz Pantoja, M."]
[Black "Kjartansson, G."]
[Result "1/2-1/2"]
[WhiteElo "2457"]
[BlackElo "2434"]
[PlyCount "128"]
[EventDate "2013.??.??"]
[EventType "swiss"]
[EventRounds "9"]

1. e4 c6 2. Nc3 d5 3. Nf3 Bg4 4. Be2 dxe4 5. Nxe4 Nd7 6. O-O Ngf6 7. Nxf6+ Nxf6
8. d4 e6 9. c4 Be7 10. Be3 O-O 11. Ne5 Bxe2 12. Qxe2 Nd7 13. Rad1 Nxe5 14. dxe5
Qc7 15. f4 Rfd8 16. Rxd8+ Rxd8 17. Rd1 Rxd1+ 18. Qxd1 Qa5 19. a3 Bc5 20. Kf2
Qb6 21. Bxc5 Qxc5+ 22. Kf3 h5 23. Qd8+ Kh7 24. Qd3+ g6 25. b4 Qg1 26. h4 Kg7
27. g3 a6 28. Ke4 b6 29. Qe3 Qg2+ 30. Qf3 Qb2 31. Qd3 c5 32. bxc5 bxc5 33. Kf3
a5 34. Qe3 Qb7+ 35. Kf2 Qb6 36. Qc3 a4 37. Ke2 Qb7 38. Kd2 Qg2+ 39. Ke1 Kf8 40.
Qe3 Kg7 41. Qd3 Qa2 42. Qc3 Qh2 43. Qe3 Qg2 44. Qd3 Qg1+ 45. Kd2 Qf2+ 46. Kd1
Qb2 47. Ke1 Qc1+ 48. Ke2 Kh6 49. Kf2 Kg7 50. Ke2 Qg1 51. Kd2 Qf2+ 52. Kd1 Qg2
53. Ke1 Qg1+ 54. Kd2 Qh1 55. Ke2 Qb7 56. Kd2 Qc7 57. Qc2 Qa5+ 58. Ke2 Kf8 59.
Kf2 Ke7 60. Ke2 Qa8 61. Kf2 Qc6 62. Qd1 f6 63. Ke3 f5 64. Kf2 Qd7 1/2-1/2

[Event "Ciutat de Sabadell op"]
[Site "Sabadell"]
[Date "2013.09.09"]
[Round "8"]
[White "Pozanco Romasanta, M."]
[Black "Salagran Ferragut, G."]
[Result "0-1"]
[WhiteElo "2067"]
[BlackElo "1995"]
[PlyCount "49"]
[EventDate "2013.??.??"]
[EventType "swiss"]
[EventRounds "9"]

1. d4 Nf6 2. c4 e6 3. Nc3 Bb4 4. e3 c5 5. Bd3 Nc6 6. Nf3 Bxc3+ 7. bxc3 d6 8.
O-O O-O 9. Nd2 b6 10. f4 e5 11. fxe5 dxe5 12. d5 Ne7 13. a4 a5 14. Qf3 Ng6 15.
Nb1 e4 16. Bxe4 Bg4 17. Qg3 Be2 18. Bxg6 Bxf1 19. Bxh7+ Nxh7 20. Kxf1 Qf6+ 21.
Kg1 Ng5 22. Qf4 Qg6 23. Qg4 Qc2 24. Ba3 Ne4 25. Qf3 0-1

[Event "Ciutat de Sabadell op"]
[Site "Sabadell"]
[Date "2013.09.09"]
[Round "8"]
[White "Prats Rodriguez, JB."]
[Black "Saez Coma, A."]
[Result "1/2-1/2"]
[WhiteElo "2074"]
[BlackElo "2017"]
[PlyCount "52"]
[EventDate "2013.??.??"]
[EventType "swiss"]
[EventRounds "9"]

1. e4 Nc6 2. d4 d5 3. e5 Bf5 4. c3 e6 5. Bd3 Bg6 6. h4 Bxd3 7. Qxd3 h5 8. Nf3
Be7 9. Bg5 Nh6 10. Nbd2 Nf5 11. g3 Qd7 12. b4 g6 13. O-O Bxg5 14. Nxg5 O-O 15.
Rfe1 Nce7 16. a4 b6 17. Nb3 Rfc8 18. Qd2 Kg7 19. Nh3 Ng8 20. Rec1 c6 21. Qg5
Qe7 22. a5 Qxg5 23. Nxg5 Nge7 24. Rc2 b5 25. Nc5 a6 26. Re2 Ra7 1/2-1/2

[Event "Ciutat de Sabadell op"]
[Site "Sabadell"]
[Date "2013.09.09"]
[Round "8"]
[White "Pulvett, D."]
[Black "Gonzalez Perez, A."]
[Result "1/2-1/2"]
[WhiteElo "2441"]
[BlackElo "2466"]
[PlyCount "38"]
[EventDate "2013.??.??"]
[EventType "swiss"]
[EventRounds "9"]

1. d4 d5 2. c4 e6 3. Nc3 Be7 4. cxd5 exd5 5. Bf4 c6 6. e3 Bd6 7. Bxd6 Qxd6 8.
Bd3 Ne7 9. Nge2 Bf5 10. Bxf5 Nxf5 11. Qd3 g6 12. O-O-O Nd7 13. f3 O-O-O 14. e4
dxe4 15. fxe4 Ng7 16. Qc4 Qe7 17. e5 Nb6 18. Qb3 f6 19. exf6 Qxf6 1/2-1/2

[Event "Ciutat de Sabadell op"]
[Site "Sabadell"]
[Date "2013.09.09"]
[Round "8"]
[White "Uran Bermudez, OK."]
[Black "Cardenas, FA."]
[Result "0-1"]
[WhiteElo "2092"]
[BlackElo "1963"]
[PlyCount "198"]
[EventDate "2013.??.??"]
[EventType "swiss"]
[EventRounds "9"]

1. d4 d5 2. Nf3 e6 3. e3 c5 4. c3 Nf6 5. Bd3 Nc6 6. O-O Qb6 7. Nbd2 Be7 8. dxc5
Bxc5 9. e4 O-O 10. e5 Ng4 11. Bxh7+ Kh8 12. Nd4 Ncxe5 13. N2f3 Nxf3+ 14. Qxf3
e5 15. Bf5 exd4 16. Qxg4 Bxf5 17. Qxf5 dxc3 18. bxc3 Qe6 19. Qh5+ Kg8 20. Bf4
Rfe8 21. Rad1 Rad8 22. c4 Qe4 23. Rxd5 Qxc4 24. Rxd8 Rxd8 25. g3 b6 26. Qg5 Re8
27. h4 Qxa2 28. Be5 f6 29. Bxf6 Qf7 30. Be5 Qe7 31. Re1 Qxg5 32. hxg5 Bd4 33.
Re4 Bxe5 34. f4 Kf7 35. fxe5 Ke6 36. Rd4 Re7 37. Kf2 Kxe5 38. Rf4 a5 39. Kf3
Ra7 40. g6 Ke6 41. Rc4 b5 42. Rc6+ Kd7 43. Rb6 b4 44. Ke4 Kc7 45. Rb5 Kc6 46.
Rb8 Rb7 47. Rc8+ Rc7 48. Rb8 Rb7 49. Rc8+ Kb5 50. Kd3 Rd7+ 51. Kc2 Rd6 52. Rf8
Rxg6 53. Rf3 Rg4 54. Kb2 a4 55. Rf5+ Kc4 56. Rf3 Re4 57. Rf7 g5 58. Rc7+ Kd3
59. Rd7+ Ke2 60. Rd5 g4 61. Rf5 Re3 62. Rf4 Rxg3 63. Ka2 Ra3+ 64. Kb2 Rb3+ 65.
Ka2 g3 66. Rc4 Kf2 67. Rf4+ Ke3 68. Rg4 Kf3 69. Rg7 g2 70. Rf7+ Ke3 71. Re7+
Kf2 72. Rg7 g1=N 73. Ra7 Ra3+ 74. Kb2 Nf3 75. Re7 Nd4 76. Re4 Rd3 77. Rf4+ Ke1
78. Re4+ Kd1 79. Rh4 a3+ 80. Kb1 b3 81. Rh1+ Kd2 82. Rc1 Rh3 83. Rg1 Ne2 84.
Rf1 Rh2 85. Ka1 b2+ 86. Ka2 Nc1+ 87. Kb1 Ne2 88. Ka2 Nc3+ 89. Kxa3 b1=N+ 90.
Kb3 Rh4 91. Rf2+ Ne2 92. Rf8 Nc1+ 93. Kb2 Rb4+ 94. Ka1 Nd3 95. Rd8 Kc2 96. Ra8
Na3 97. Rc8+ Nc4 98. Ra8 Rb1+ 99. Ka2 Nc1# 0-1

[Event "Ciutat de Sabadell op"]
[Site "Sabadell"]
[Date "2013.09.10"]
[Round "9"]
[White "Cardenas, FA."]
[Black "Espinoza Palomino, W."]
[Result "0-1"]
[WhiteElo "1963"]
[BlackElo "2355"]
[PlyCount "202"]
[EventDate "2013.??.??"]
[EventType "swiss"]
[EventRounds "9"]

1. Nf3 Nf6 2. d4 e6 3. c4 Nc6 4. e3 d6 5. Nc3 g6 6. Be2 Bg7 7. O-O O-O 8. b3 e5
9. dxe5 dxe5 10. Ba3 Re8 11. Qe1 Bf5 12. Rd1 Qc8 13. Nd5 a5 14. Bb2 Nd7 15. Qc3
Nc5 16. Nd2 h5 17. Rfe1 Nb4 18. Nxb4 axb4 19. Qxb4 Rxa2 20. Qxc5 Rxb2 21. Qa3
e4 22. Nf1 h4 23. Rd2 Rxd2 24. Nxd2 h3 25. g3 Bg4 26. Bf1 Bc3 27. Qc1 Bb4 28.
Be2 Bxe2 29. Rxe2 Qg4 30. Qf1 Bxd2 31. Rxd2 Ra8 32. Qd1 Qxd1+ 33. Rxd1 Ra3 34.
Rb1 Kg7 35. f3 exf3 36. Rb2 Kf6 37. Kf2 Ke5 38. Kxf3 f5 39. g4 c6 40. gxf5 gxf5
41. Rb1 Ra2 42. Kg3 Ke4 43. Kxh3 Re2 44. b4 Kxe3 45. c5 f4 46. b5 f3 47. Rb3+
Ke4 48. bxc6 bxc6 49. Rb4+ Ke3 50. Rb3+ Kf2 51. Rb6 Re6 52. Rb2+ Ke3 53. Rb3+
Ke4 54. Rb4+ Ke3 55. Rb3+ Kf4 56. Rb4+ Re4 57. Rb6 Re5 58. Rb4+ Re4 59. Rb6 Re8
60. Rb4+ Ke3 61. Rb3+ Ke2 62. Rb2+ Kd3 63. Kg3 Rf8 64. Rb3+ Ke4 65. Kf2 Rh8 66.
h4 Kd5 67. Rxf3 Rxh4 68. Rf5+ Kd4 69. Ke2 Rh2+ 70. Kd1 Ra2 71. Kc1 Kc3 72. Rf3+
Kc4 73. Rf5 Kb5 74. Rh5 Rf2 75. Rg5 Kb4 76. Rh5 Rf3 77. Kc2 Rf2+ 78. Kc1 Ra2
79. Kb1 Ra5 80. Rh4+ Kxc5 81. Kb2 Ra8 82. Rh5+ Kb4 83. Rh4+ Kb5 84. Rh5+ Kb4
85. Rh4+ Kb5 86. Rh5+ c5 87. Rh7 Rg8 88. Rh5 Rg4 89. Kc3 Rg3+ 90. Kc2 Kb4 91.
Rh4+ c4 92. Rh2 Ra3 93. Rh4 Ra2+ 94. Kc1 Rg2 95. Rh3 Ra2 96. Rh4 Kb3 97. Rh8
Ra1+ 98. Kd2 c3+ 99. Kd3 Rd1+ 100. Ke2 c2 101. Rh3+ Kb2 0-1

[Event "Ciutat de Sabadell op"]
[Site "Sabadell"]
[Date "2013.09.10"]
[Round "9"]
[White "Castells Briones, M."]
[Black "Nadal Fajardo, R."]
[Result "1-0"]
[WhiteElo "1988"]
[BlackElo "1962"]
[PlyCount "133"]
[EventDate "2013.??.??"]
[EventType "swiss"]
[EventRounds "9"]

1. d4 Nf6 2. g3 d5 3. c4 e6 4. Nf3 Be7 5. Bg2 O-O 6. O-O c6 7. Qc2 Ne4 8. Nbd2
f5 9. Ne5 Nd7 10. Ndf3 Bf6 11. b3 Nxe5 12. Nxe5 Bxe5 13. dxe5 b6 14. f3 Ng5 15.
Rd1 Nf7 16. Bb2 Bb7 17. Rd2 Rc8 18. Rad1 Qc7 19. Qc3 Rfd8 20. e4 fxe4 21. fxe4
dxe4 22. Rd6 Nxd6 23. exd6 Qf7 24. Rf1 Qg6 25. Bxe4 Qg5 26. h4 Qc5+ 27. Kh2 Rd7
28. Qf3 Qxd6 29. Qh5 Qd2+ 30. Kh3 Qh6 31. Qe5 Rcd8 32. Bc1 Rd2 33. Rf2 Bc8 34.
Bxc6 Rxf2 35. Bxh6 gxh6 36. Be4 Rdd2 37. Kg4 Rde2 38. Bxh7+ Kxh7 39. Qc7+ Kg6
40. h5+ Kf6 41. Qxc8 Kg7 42. Qd7+ Rf7 43. Qd3 Rg2 44. Qg6+ Kf8 45. Kh3 Rxa2 46.
Qxh6+ Ke7 47. Qg5+ Kd7 48. h6 Ra1 49. Qg7 Raf1 50. Qd4+ Ke8 51. Qe4 R1f6 52.
Qa8+ Ke7 53. Qxa7+ Ke8 54. Qb8+ Ke7 55. Qc7+ Ke8 56. Qxb6 Rxh6+ 57. Kg2 Rd7 58.
Qe3 Rf6 59. c5 Kd8 60. b4 Rd5 61. c6 Kc7 62. Qc3 Rff5 63. Qc4 Rd2+ 64. Kh3 Rd6
65. b5 Rdd5 66. b6+ Kb8 67. Qa6 1-0

[Event "Ciutat de Sabadell op"]
[Site "Sabadell"]
[Date "2013.09.10"]
[Round "9"]
[White "Diaz Velandia, JM."]
[Black "Movsziszian, K."]
[Result "1/2-1/2"]
[WhiteElo "2317"]
[BlackElo "2503"]
[PlyCount "65"]
[EventDate "2013.??.??"]
[EventType "swiss"]
[EventRounds "9"]

1. d4 g6 2. c4 Bg7 3. Nc3 Nf6 4. e4 d6 5. Nf3 O-O 6. h3 Nbd7 7. Be3 e5 8. dxe5
dxe5 9. c5 c6 10. b4 Qe7 11. Rc1 Rd8 12. Qb3 Nf8 13. Bc4 h6 14. O-O Nh5 15.
Rfd1 Be6 16. Ne2 Bxc4 17. Qxc4 Ne6 18. g3 Nd4 19. Nfxd4 exd4 20. Bxd4 Qxe4 21.
Nc3 Qf3 22. Qe2 Qxe2 23. Nxe2 Nf6 24. Nc3 a5 25. b5 cxb5 26. Nxb5 Ne4 27. Be3
Bf8 28. Rxd8 Rxd8 29. Kg2 Rc8 30. Na7 Rc7 31. Nb5 Rc6 32. Na7 Rc7 33. Nb5
1/2-1/2

[Event "Ciutat de Sabadell op"]
[Site "Sabadell"]
[Date "2013.09.10"]
[Round "9"]
[White "Gascon, JR."]
[Black "Rojas Keim, LA."]
[Result "1/2-1/2"]
[WhiteElo "2268"]
[BlackElo "2408"]
[PlyCount "98"]
[EventDate "2013.??.??"]
[EventType "swiss"]
[EventRounds "9"]

1. e4 e6 2. d4 d5 3. Nc3 Bb4 4. e5 c5 5. a3 Bxc3+ 6. bxc3 Ne7 7. Nf3 Nbc6 8. a4
Qa5 9. Bd2 Bd7 10. Bd3 O-O-O 11. O-O c4 12. Be2 f6 13. exf6 gxf6 14. Bf4 Ng6
15. Bd6 Rhg8 16. Qd2 e5 17. dxe5 fxe5 18. Rfb1 Nf4 19. Nxe5 Rxg2+ 20. Kh1 Rxf2
21. Nxc6 Bxc6 22. Bg4+ Rd7 23. Qxf2 d4+ 24. Kg1 Qd5 25. Kf1 Qxd6 26. Qxd4 Nd5
27. Re1 Qxh2 28. Bxd7+ Kxd7 29. Qg7+ Kc8 30. Qh8+ Kc7 31. Qe5+ Qxe5 32. Rxe5
Nxc3 33. a5 Kd6 34. Rae1 Nd5 35. Rh5 Kc5 36. Rxh7 Kb4 37. Re5 Kc3 38. Rh3+ Kb2
39. Ke1 Kxc2 40. Re2+ Kc1 41. Ra3 Kb1 42. Kd2 Kb2 43. Rg3 c3+ 44. Kd3+ Kb3 45.
Kd4 Kb4 46. Re5 Nc7 47. Rxc3 Nb5+ 48. Rxb5+ Bxb5 49. Rc7 Ba6 1/2-1/2

[Event "Ciutat de Sabadell op"]
[Site "Sabadell"]
[Date "2013.09.10"]
[Round "9"]
[White "Gonzalez Perez, A."]
[Black "Muñoz Pantoja, M."]
[Result "0-1"]
[WhiteElo "2466"]
[BlackElo "2457"]
[PlyCount "83"]
[EventDate "2013.??.??"]
[EventType "swiss"]
[EventRounds "9"]

1. d4 d5 2. c4 e6 3. Nc3 Nf6 4. Bg5 Be7 5. e3 dxc4 6. Bxc4 a6 7. Nf3 b5 8. Bd3
Bb7 9. Bxf6 Bxf6 10. Be4 c6 11. Qc2 h6 12. O-O Nd7 13. a4 Qb6 14. b4 O-O 15. a5
Qc7 16. Rfc1 Be7 17. Rab1 Rac8 18. Rb3 Bd6 19. Bh7+ Kh8 20. Bd3 Nf6 21. Ne4
Nxe4 22. Bxe4 Qe7 23. Qc3 Rc7 24. Rbb1 Kg8 25. Ne5 c5 26. Bxb7 cxb4 27. Nc6
bxc3 28. Nxe7+ Bxe7 29. Bxa6 Ba3 30. Rc2 b4 31. Bd3 e5 32. d5 Rc5 33. a6 Rxd5
34. Be4 Ra5 35. Bb7 Rd8 36. g4 Kf8 37. Kg2 Ke7 38. Kf3 Kd6 39. Rb3 Rd7 40. Ke4
Kc5 41. Rb1 Kc4 42. Ra1 0-1

[Event "Ciutat de Sabadell op"]
[Site "Sabadell"]
[Date "2013.09.10"]
[Round "9"]
[White "Kjartansson, G."]
[Black "Moreno Ruiz, J."]
[Result "1-0"]
[WhiteElo "2434"]
[BlackElo "2469"]
[PlyCount "125"]
[EventDate "2013.??.??"]
[EventType "swiss"]
[EventRounds "9"]

1. d4 d5 2. c4 e6 3. Nf3 Nf6 4. g3 Bb4+ 5. Bd2 Bd6 6. Bg2 c6 7. Qc2 Nbd7 8. O-O
O-O 9. Rd1 Ne4 10. Nc3 f5 11. Bf4 Bxf4 12. gxf4 Qe7 13. e3 Kh8 14. Ne2 Nd6 15.
b3 Nf6 16. Ne5 Bd7 17. Ng3 Rg8 18. cxd5 exd5 19. Qc5 Be6 20. Nxf5 Nxf5 21. Qxe7
Nxe7 22. Bh3 g5 23. Bxe6 gxf4+ 24. Bxg8 Rxg8+ 25. Kh1 Ne4 26. Rf1 Nf5 27. Rae1
Rf8 28. exf4 Nxd4 29. f3 Nd6 30. Nd3 Rf7 31. Kg2 Kg7 32. Kf2 Kf8 33. Rg1 Rf6
34. Rg4 Rh6 35. h4 N6f5 36. Nc5 b6 37. Nd7+ Kf7 38. Ne5+ Kf8 39. Nd7+ Kf7 40.
Ne5+ Kf8 41. Reg1 Ke7 42. Rh1 c5 43. h5 b5 44. Re1 Ra6 45. Nc6+ Kf6 46. Nxd4
Nxd4 47. Rg8 Rxa2+ 48. Kg3 Ne2+ 49. Kg4 d4 50. Rd8 c4 51. bxc4 bxc4 52. Rd6+
Kf7 53. Rd7+ Kf6 54. Rd6+ Kf7 55. Rb1 Ke7 56. Rh6 Kd7 57. Rb7+ Kc8 58. Rhxh7
Ng1 59. Rxa7 Rxa7 60. Rxa7 Kb8 61. Ra4 d3 62. Rxc4 Ne2 63. h6 1-0

[Event "Ciutat de Sabadell op"]
[Site "Sabadell"]
[Date "2013.09.10"]
[Round "9"]
[White "Ortin Caballe, JJ."]
[Black "Uran Bermudez, OK."]
[Result "0-1"]
[WhiteElo "1955"]
[BlackElo "2092"]
[PlyCount "80"]
[EventDate "2013.??.??"]
[EventType "swiss"]
[EventRounds "9"]

1. e4 c5 2. Nf3 e6 3. d3 Nc6 4. g3 Qc7 5. Bg2 Nf6 6. Nc3 a6 7. Bf4 d6 8. O-O
Be7 9. Re1 Nd7 10. Bg5 b5 11. Bxe7 Nxe7 12. Qd2 Bb7 13. Qg5 Ng6 14. h4 h6 15.
Qd2 Bc6 16. a3 Nf6 17. d4 b4 18. axb4 cxb4 19. Nd5 Bxd5 20. exd5 Nxd5 21. Nh2
O-O 22. Bxd5 exd5 23. Re2 a5 24. Rae1 Rfc8 25. f4 Qd7 26. Qd3 Re8 27. f5 Nf8
28. f6 Rxe2 29. Qxe2 Qe6 30. fxg7 Kxg7 31. Qd2 Qg6 32. Qf4 a4 33. Ng4 Ne6 34.
Qf3 Nxd4 35. Qd1 Ne6 36. Kh1 d4 37. Qf3 Ra5 38. Rf1 a3 39. h5 Rxh5+ 40. Kg2
axb2 0-1